Интернет маркетинг экономического развития муниципального образования; Информационные технологии в науке, управлении, социальной сфере и медицине; Ч. 2

書目詳細資料
Parent link:Информационные технологии в науке, управлении, социальной сфере и медицине: сборник научных трудов III Международной научной конференции, 23-26 мая 2016 г., Томск.— , 2016
Ч. 2.— 2016.— [С. 448-452]
主要作者: Хакимова Д. Л.
企業作者: Национальный исследовательский Томский политехнический университет (ТПУ)
總結:Заглавие с титульного экрана
In this article the purposes and advantages of internet marketing, and also tasks which have to be carried out are considered. As an example, the official site of Yaya municipality has been considered, website merits and demerits on economic development of the area have been revealed. Afterwards, the neighboring Anzhero-Sydzhensk City district has been considered. As a result the comparative analysis of two municipalities on economic development has been made, and the general conclusions are drawn.
語言:俄语
出版: 2016
叢編:Информационные технологии и моделирование в маркетинге
主題:
在線閱讀:http://earchive.tpu.ru/handle/11683/31510
格式: MixedMaterials 電子 Book Chapter
KOHA link:https://koha.lib.tpu.ru/cgi-bin/koha/opac-detail.pl?biblionumber=619779

MARC

LEADER 00000naa2a2200000 4500
001 619779
005 20231101133058.0
035 |a (RuTPU)RU\TPU\conf\18215 
035 |a RU\TPU\conf\18214 
090 |a 619779 
100 |a 20160831d2016 k y0rusy50 ca 
101 0 |a rus 
102 |a RU 
105 |a y z 101zy 
135 |a drgn ---uucaa 
181 0 |a i  
182 0 |a b 
200 1 |a Интернет маркетинг экономического развития муниципального образования  |d Internet marketing economic development of municipalities  |f Д. Л. Хакимова 
203 |a Текст  |c электронный 
225 1 |a Информационные технологии и моделирование в маркетинге 
230 |a 1 компьютерный файл (pdf; 429 Kb) 
300 |a Заглавие с титульного экрана 
320 |a [Библиогр.: с. 452 (2 назв.)] 
330 |a In this article the purposes and advantages of internet marketing, and also tasks which have to be carried out are considered. As an example, the official site of Yaya municipality has been considered, website merits and demerits on economic development of the area have been revealed. Afterwards, the neighboring Anzhero-Sydzhensk City district has been considered. As a result the comparative analysis of two municipalities on economic development has been made, and the general conclusions are drawn. 
461 1 |0 (RuTPU)RU\TPU\conf\17281  |t Информационные технологии в науке, управлении, социальной сфере и медицине  |o сборник научных трудов III Международной научной конференции, 23-26 мая 2016 г., Томск  |o в 2 ч.  |d 2016 
463 1 |0 (RuTPU)RU\TPU\conf\17287  |t Ч. 2  |f Национальный исследовательский Томский политехнический университет (ТПУ) ; под ред. О. Г. Берестневой [и др.]  |v [С. 448-452]  |d 2016 
510 1 |a Internet marketing economic development of municipalities  |z eng 
610 1 |a труды учёных ТПУ 
610 1 |a электронные ресурсы 
610 1 |a интернет-маркетинг 
610 1 |a инвестиции 
610 1 |a бизнес 
610 1 |a промышленность 
610 1 |a реклама 
700 1 |a Хакимова  |b Д. Л. 
712 0 2 |a Национальный исследовательский Томский политехнический университет (ТПУ)  |c (2009- )  |2 stltpush  |3 (RuTPU)RU\TPU\col\15902 
801 2 |a RU  |b 63413507  |c 20160912  |g RCR 
856 4 |u http://earchive.tpu.ru/handle/11683/31510 
942 |c BK